000 00647nam a22002417a 4500
003 UA-OsUOA
001 84168
007 ta
008 20120521b un ||||| |||| 00| 0 ukr d
100 _aТарнавська М.
090 _a012:929
_bТ21
942 _cBK
040 _aUA-OsUOA
_bukr
_cUA-OsUOA
_dUA-OsUOA
245 _aАвтобібліографія 1930 - 2010
300 _a416 с.
955 _a3
041 _aukr
080 _a012:929
020 _a978-617-615-008-4
260 _aК.
_bПульсари
_c2012
650 7 _a01 Бібліографія і бібліографії. Каталоги
_2UDC
999 _c370520
_d370520